Państwa w których żyje najwięcej żydów - Statystyki

Ogólne statystyki
  • Ten quiz został rozwiązany 87 razy
  • Średni wynik to 8 z 10
Statystyki odpowiedzi
# Państwo Liczba żydów % Poprawnych
1 Stany Zjednoczone 7 460 600
100%
2 Izrael 7 427 000
99%
3 Francja 440 000
91%
4 Kanada 398 000
90%
7 Rosja 132 000
89%
8 Niemcy 125 000
87%
5 Wielka Brytania 312 000
82%
10 Brazylia 90 500
76%
6 Argentyna 171 000
65%
9 Australia 117 000
56%
Nie znaleziono quizów pasujących do podanych kryteriów
Rozkład punktacji
Procent ludzi z każdym wynikiem
Percentyl według liczby udzielonych odpowiedzi
Twoja historia wyników
Nie rozwiązałeś tego quizu